| 000 | 00891nam a2200289Ia 4500 | ||
|---|---|---|---|
| 001 | dia_24 | ||
| 003 | CHAP | ||
| 005 | 20221202132404.0 | ||
| 008 | 220117s1985 xx 000 0 und d | ||
| 010 | _a170456 | ||
| 040 | _cCHAP | ||
| 082 | _a005.265 I58 1985 | ||
| 110 |
_aSigma División Máquinas _9146982 |
||
| 245 |
_aIntroducción al BASIC Sigma Commodore 16 / _c Sigma División Máquinas |
||
| 260 |
_aMéxico : _b Norel Compañía Impresora, _c1985 |
||
| 300 | _a178 p. | ||
| 500 | _aLa biblioteca tiene la Parte I | ||
| 503 | _aI. 127615 | ||
| 590 | _aQA76.7 I58 1985 | ||
| 650 |
_aBASIC (Computer file) _9146983 |
||
| 650 |
_aBASIC (Programas de computadores) _9146984 |
||
| 710 |
_aSigma División Máquinas _9146982 |
||
| 901 | _a005.265 I58 1985 | ||
| 902 | _aM | ||
| 905 | _a5232271985 mx A 8222123322spa16 | ||
| 942 |
_cLIBRO _2ddc |
||
| 999 |
_c170456 _d170456 |
||